<?xml version="1.0" encoding="UTF-8"?>
<collection xmlns="http://www.loc.gov/MARC21/slim">
 <record>
  <leader>00666pamaa2200205   4500</leader>
  <controlfield tag="001">0000043172</controlfield>
  <controlfield tag="005">20121212090000.0</controlfield>
  <controlfield tag="008">080115                             eng  </controlfield>
  <datafield tag="020" ind1="0" ind2="0">
   <subfield code="a">8180615758 (pbk.) </subfield>
  </datafield>
  <datafield tag="090" ind1="0" ind2="0">
   <subfield code="a">RM871 </subfield>
   <subfield code="b">MOH 2006</subfield>
  </datafield>
  <datafield tag="100" ind1="1" ind2="0">
   <subfield code="a">Mohan </subfield>
  </datafield>
  <datafield tag="245" ind1="1" ind2="0">
   <subfield code="a">MCQs in electrotherapy  </subfield>
   <subfield code="c">S Sangeetha Mohan and KG Smitha; </subfield>
   <subfield code="f">foreword R Srinivasan.</subfield>
  </datafield>
  <datafield tag="250" ind1="0" ind2="0">
   <subfield code="a">1st ed.</subfield>
  </datafield>
  <datafield tag="260" ind1="0" ind2="0">
   <subfield code="a">New Delhi: </subfield>
   <subfield code="b">Jaypee Brothers MedicalPublishers, </subfield>
   <subfield code="c">2006.</subfield>
  </datafield>
  <datafield tag="300" ind1=" " ind2=" ">
   <subfield code="a">107p.: </subfield>
   <subfield code="b">ill.; </subfield>
   <subfield code="c">22 cm.</subfield>
  </datafield>
  <datafield tag="501" ind1="0" ind2="0">
   <subfield code="a">SAH</subfield>
  </datafield>
  <datafield tag="504" ind1="0" ind2="0">
   <subfield code="a">Includes bibliographical references and index</subfield>
  </datafield>
  <datafield tag="650" ind1="0" ind2="0">
   <subfield code="a">Electrotherapeutics </subfield>
  </datafield>
  <datafield tag="650" ind1="0" ind2="0">
   <subfield code="a">Electric Stimulation Therapy -- </subfield>
   <subfield code="x">methods </subfield>
  </datafield>
  <datafield tag="700" ind1="1" ind2="1">
   <subfield code="a">Smitha, </subfield>
   <subfield code="h">KG </subfield>
  </datafield>
 </record>
</collection>
